Ecological imperialism : the biological expansion of Europe, 900-1900 (Record no. 257827)

MARC details
000 -LEADER
fixed length control field 00760nam a2200241Ia 4500
008 - FIXED-LENGTH DATA ELEMENTS--GENERAL INFORMATION
fixed length control field 191130s2004##################000#0#eng##
020 ## - INTERNATIONAL STANDARD BOOK NUMBER
ISBN 9780521456906
082 ## - DEWEY DECIMAL CLASSIFICATION NUMBER
Classification number 302.4 CRO
100 ## - MAIN ENTRY--AUTHOR NAME
Personal name Crosby, Alfred W
245 ## - TITLE STATEMENT
Title Ecological imperialism : the biological expansion of Europe, 900-1900
Statement of responsibility, etc Alfred W. Crosby
250 ## - EDITION STATEMENT
Edition statement 2nd ed
260 ## - PUBLICATION, DISTRIBUTION, ETC. (IMPRINT)
Place of publication Cambridge
Name of publisher Cambridge University Press
Year of publication 2004
300 ## - PHYSICAL DESCRIPTION
Number of Pages xxii, 368 p. : ill., maps ; 24 cm
500 ## - GENERAL NOTE
General note Includes bibliographical references (p. 312-360) and index
650 ## - SUBJECT ADDED ENTRY--TOPICAL TERM
Topical Term Biogeography
Topical Term Europeans - Migrations
Topical Term Human ecology
Topical Term Human geography
991 ## -
-- 145304
Holdings
Withdrawn status Lost status Damaged status Not for loan Home library Current library Date acquired Full call number Accession Number Price effective from Koha item type
        Anna Centenary Library Anna Centenary Library 13.10.2020 302.4 CRO 95680 13.10.2020 Books

Find us on the map